El gran escape / (Registro nro. 68902)
[ vista simple ]
| 000 -LEADER | |
|---|---|
| fixed length control field | 01435cam a2200397 i 4500 |
| 001 - CONTROL NUMBER | |
| control field | 68902 |
| 003 - CONTROL NUMBER IDENTIFIER | |
| control field | Mx-PuUPA |
| 005 - DATE AND TIME OF LATEST TRANSACTION | |
| control field | 20221014124144.0 |
| 008 - FIXED-LENGTH DATA ELEMENTS--GENERAL INFORMATION | |
| fixed length control field | 221014s2016 mx a gr 00| 0 spa d |
| 020 ## - INTERNATIONAL STANDARD BOOK NUMBER | |
| International Standard Book Number | 9786072412637 |
| 020 ## - INTERNATIONAL STANDARD BOOK NUMBER | |
| International Standard Book Number | 9789687791760 |
| Qualifying information | de la colección El barco de vapor |
| 040 ## - CATALOGING SOURCE | |
| Original cataloging agency | Mx-PuUPA |
| Language of cataloging | spa |
| Transcribing agency | Mx-PuUPA |
| Modifying agency | Mx-PuUPA |
| Description conventions | rda |
| 041 0# - LANGUAGE CODE | |
| Language code of text/sound track or separate title | spa |
| 100 1# - MAIN ENTRY--PERSONAL NAME | |
| 9 (RLIN) | 13403 |
| Personal name | Roncagliolo, Santiago, |
| Dates associated with a name | 1975- |
| 245 13 - TITLE STATEMENT | |
| Title | El gran escape / |
| Statement of responsibility, etc. | Santiago Roncagliolo ; ilustraciones de Juan José Colsa |
| 250 ## - EDITION STATEMENT | |
| Edition statement | Primera edición |
| 264 #1 - PRODUCTION, PUBLICATION, DISTRIBUTION, MANUFACTURE, AND COPYRIGHT NOTICE | |
| Place of production, publication, distribution, manufacture | Ciudad de México : |
| Name of producer, publisher, distributor, manufacturer | SM de Ediciones, |
| Date of production, publication, distribution, manufacture, or copyright notice | 2014 |
| 300 ## - PHYSICAL DESCRIPTION | |
| Extent | 142 páginas : |
| Other physical details | ilustraciones ; |
| Dimensions | 19 cm |
| 336 ## - CONTENT TYPE | |
| Fuente | rdacontent |
| Content type term | texto |
| Content type code | txt |
| 336 ## - CONTENT TYPE | |
| Fuente | rdacontent |
| Content type term | imagen fija |
| Content type code | sti |
| 337 ## - MEDIA TYPE | |
| Source | rdamedia |
| Media type term | sin medio |
| Media type code | n |
| 338 ## - CARRIER TYPE | |
| Source | rdacarrier |
| Carrier type term | volumen |
| Carrier type code | nc |
| 490 1# - SERIES STATEMENT | |
| Series statement | El barco de vapor. Naranja ; |
| Volume/sequential designation | 69 M |
| 500 ## - GENERAL NOTE | |
| General note | "Premio El Barco de Vapor". -- Cubierta. |
| 521 1# - TARGET AUDIENCE NOTE | |
| Target audience note | 9+ |
| 650 #7 - SUBJECT ADDED ENTRY--TOPICAL TERM | |
| Source of heading or term | armarc |
| Topical term or geographic name entry element | Literatura peruana |
| 650 #7 - SUBJECT ADDED ENTRY--TOPICAL TERM | |
| Source of heading or term | armarc |
| Topical term or geographic name entry element | Amistad |
| General subdivision | Literatura infantil |
| 650 #7 - SUBJECT ADDED ENTRY--TOPICAL TERM | |
| Source of heading or term | armarc |
| Topical term or geographic name entry element | Libertad |
| General subdivision | Novelas, cuentos, etc. |
| 650 #7 - SUBJECT ADDED ENTRY--TOPICAL TERM | |
| Source of heading or term | armarc |
| Topical term or geographic name entry element | Historias de aventuras |
| 700 1# - ADDED ENTRY--PERSONAL NAME | |
| Personal name | Colsa, Juan José, |
| Relator term | ilustrador |
| 830 #0 - SERIES ADDED ENTRY--UNIFORM TITLE | |
| Uniform title | Barco de vapor |
| Name of part/section of a work | Naranja |
| Volume/sequential designation | 69 M |
| 942 ## - ADDED ENTRY ELEMENTS (KOHA) | |
| Source of classification or shelving scheme | Dewey Decimal Classification |
| Koha item type | Libro |
| Classification part | 808.8035234 |
| Item part | B2969 |
| Withdrawn status | Lost status | Source of classification or shelving scheme | Damaged status | Not for loan | Collection code | Home library | Current library | Shelving location | Date acquired | Source of acquisition | Cost, normal purchase price | Total Checkouts | Full call number | Barcode | Date last seen | Cost, replacement price | Price effective from | Koha item type |
|---|---|---|---|---|---|---|---|---|---|---|---|---|---|---|---|---|---|---|
| Dewey Decimal Classification | Infantil | Biblioteca Karol Wojtyla | Biblioteca Karol Wojtyla | Área de silencio | 20/08/2021 | 1 | 138.00 | 808.8035234 B2969 2014 | 101276 | 05/01/2026 | 138.00 | 20/08/2021 | Libro infantil |